000 00411pab a2200157 454500
008 180718b1999 xxu||||| |||| 00| 0 eng d
100 _aChoudhury, Sujit
245 _aNorth East: a cauldron of confusion
260 _c1999
300 _ap.18-20
362 _a27 Feb
650 _aIndia, North East - Politics and government
650 _aPolitics and government
773 _aYoung Indian
909 _a40303
999 _c40303
_d40303